Catálogo
 En Linea

Propuesta de reformas presentadas por el Centro Universitario de Estudios Políticos y Sociales de la pontificia Universidad Católica Madre y Maestra / (Registro nro. 16532)

Detalles MARC
000 -CABECERA
campo de control de longitud fija 00643nam a2200169 a 4500
001 - NÚMERO DE CONTROL
campo de control 000017004
005 - FECHA Y HORA DE LA ÚLTIMA TRANSACCIÓN
campo de control 20200929165013.0
008 - DATOS DE LONGITUD FIJA--INFORMACIÓN GENERAL
campo de control de longitud fija 100312s1990 dr 000 0 spa d
040 ## - FUENTE DE LA CATALOGACIÓN
Centro catalogador/agencia de origen DO-SdBNP
Lengua de catalogación spa
Centro/agencia transcriptor BNPHU
082 ## - NÚMERO DE LA CLASIFICACIÓN DECIMAL DEWEY
Número de clasificación xxx
Número de documento/Ítem E77p
245 00 - MENCIÓN DE TÍTULO
Título Propuesta de reformas presentadas por el Centro Universitario de Estudios Políticos y Sociales de la pontificia Universidad Católica Madre y Maestra /
Mención de responsabilidad, etc. editor Flavio Dario Espinal Jacobo.
260 ## - PUBLICACIÓN, DISTRIBUCIÓN, ETC.
Lugar de publicación, distribución, etc. Santiago, República Dominicana :
Nombre del editor, distribuidor, etc. Taller,
Fecha de publicación, distribución, etc. 1990.
300 ## - DESCRIPCIÓN FÍSICA
Extensión 130 p. ;
Dimensiones 23 cm.
490 1# - MENCIÓN DE SERIE
Mención de serie Documentos
700 1# - PUNTO DE ACCESO ADICIONAL--NOMBRE DE PERSONA
Nombre de persona Espinal Jacobo, Flavio Dario
Término indicativo de función/relación ed.
9 (RLIN) 8478
830 #0 - PUNTO DE ACCESO ADICIONAL DE SERIE-TÍTULO UNIFORME
Título uniforme Documentos
9 (RLIN) 1047
Existencias
Estado de retiro Estado de pérdida No para préstamo Código de colección Localización permanente Ubicación/localización actual Ubicación en estantería Fecha de adquisición Número de inventario Total de préstamos Signatura topográfica completa Código de barras Fecha visto por última vez Precio válido a partir de Tipo de ítem Koha
    Excluido de préstamo Patrimonio Dominicano Patrimonio Dominicano Patrimonio Dominicano En catalogación 12.03.2010 LF1   xxx E77p 17004-10 25.06.2020 25.06.2020 Libro y Folleto Colección Patrimonio Dominicano

Con tecnología Koha